<?xml version="1.0" encoding="UTF-8"?>
<record
    xmlns:xsi="http://www.w3.org/2001/XMLSchema-instance"
    xsi:schemaLocation="http://www.loc.gov/MARC21/slim http://www.loc.gov/standards/marcxml/schema/MARC21slim.xsd"
    xmlns="http://www.loc.gov/MARC21/slim">

  <leader>02327njm a2200457Ia 4500</leader>
  <controlfield tag="001">20780</controlfield>
  <controlfield tag="003">IT-RoPAU</controlfield>
  <controlfield tag="005">20220918181124.0</controlfield>
  <controlfield tag="008">131025s9999    xx            000 0 und d</controlfield>
  <datafield tag="040" ind1=" " ind2=" ">
    <subfield code="a">IT-RoPAU</subfield>
  </datafield>
  <datafield tag="040" ind1=" " ind2=" ">
    <subfield code="c">IT-RoPAU</subfield>
  </datafield>
  <datafield tag="041" ind1=" " ind2=" ">
    <subfield code="a">ITALIANO</subfield>
  </datafield>
  <datafield tag="999" ind1=" " ind2=" ">
    <subfield code="c">100047</subfield>
    <subfield code="d">100047</subfield>
  </datafield>
  <datafield tag="999" ind1=" " ind2=" ">
    <subfield code="b">n.d.</subfield>
  </datafield>
  <datafield tag="100" ind1=" " ind2=" ">
    <subfield code="a">AA.VV.</subfield>
    <subfield code="9">794</subfield>
  </datafield>
  <datafield tag="100" ind1=" " ind2=" ">
    <subfield code="e">Autore musica</subfield>
    <subfield code="9">3330</subfield>
  </datafield>
  <datafield tag="100" ind1=" " ind2=" ">
    <subfield code="g">Codice autore musica SPICS: 12000</subfield>
    <subfield code="9">796</subfield>
  </datafield>
  <datafield tag="245" ind1=" " ind2=" ">
    <subfield code="a">Nostalgia (dopo la guerra)</subfield>
  </datafield>
  <datafield tag="250" ind1=" " ind2=" ">
    <subfield code="a">2a ed.</subfield>
  </datafield>
  <datafield tag="260" ind1=" " ind2=" ">
    <subfield code="a">MILANO</subfield>
  </datafield>
  <datafield tag="260" ind1=" " ind2=" ">
    <subfield code="b">FRATELLI FABBRI EDITORI</subfield>
    <subfield code="c">1982 [1a Ed.:1970]</subfield>
  </datafield>
  <datafield tag="300" ind1=" " ind2=" ">
    <subfield code="a">DISCO</subfield>
  </datafield>
  <datafield tag="300" ind1=" " ind2=" ">
    <subfield code="c">26 minuti (Testo:  pag.)</subfield>
  </datafield>
  <datafield tag="500" ind1=" " ind2=" ">
    <subfield code="a">La canzone italiana. Dopo la guerra.Mondo, amore, cuore, pinto, baciare, speranza, ritorno.</subfield>
  </datafield>
  <datafield tag="505" ind1=" " ind2=" ">
    <subfield code="a">Grigio &#xE8; il cielo (4:00) - La storia di tutti (4:00) - Passano gli anni (4:00) - Addormentarmi cos&#xEC; (3:00) - Mi piace d'esser triste (4:00) - Io t'ho scritto tante volte (3:00) - Bocca nel buio (4:00) - Autunno (4:00)</subfield>
  </datafield>
  <datafield tag="511" ind1=" " ind2=" ">
    <subfield code="a">Rabagliati Alberto</subfield>
  </datafield>
  <datafield tag="511" ind1=" " ind2=" ">
    <subfield code="a">Martorana Lidia</subfield>
  </datafield>
  <datafield tag="511" ind1=" " ind2=" ">
    <subfield code="a">Paltrinieri Vittorio</subfield>
  </datafield>
  <datafield tag="511" ind1=" " ind2=" ">
    <subfield code="a">Gresi Graziella</subfield>
  </datafield>
  <datafield tag="511" ind1=" " ind2=" ">
    <subfield code="a">Don&#xE0; Aldo</subfield>
  </datafield>
  <datafield tag="511" ind1=" " ind2=" ">
    <subfield code="a">Beltrami Elena</subfield>
  </datafield>
  <datafield tag="650" ind1=" " ind2=" ">
    <subfield code="a">CANZONE ITALIAN [DISCHI]</subfield>
    <subfield code="e">Codice MATERIA SPICS: 9950</subfield>
    <subfield code="9">3331</subfield>
  </datafield>
  <datafield tag="700" ind1=" " ind2=" ">
    <subfield code="a">Nisa (Salerno Nicola)</subfield>
    <subfield code="d">Codice autore musica SPICS: 13452</subfield>
    <subfield code="e">Autore musica</subfield>
    <subfield code="p">Grigio &#xE8; il cielo - Bocca nel buio</subfield>
    <subfield code="9">3332</subfield>
  </datafield>
  <datafield tag="700" ind1=" " ind2=" ">
    <subfield code="a">Barzizza Pippo</subfield>
    <subfield code="d">Codice autore testo/musica SPICS: 13368</subfield>
    <subfield code="e">Autore testo/musica</subfield>
    <subfield code="p">Grigio &#xE8; il cielo</subfield>
    <subfield code="9">3333</subfield>
  </datafield>
  <datafield tag="700" ind1=" " ind2=" ">
    <subfield code="a">Testoni Giancarlo</subfield>
    <subfield code="d">Codice autore musica SPICS: 13524</subfield>
    <subfield code="e">Autore musica</subfield>
    <subfield code="p">La storia di tutti - Passano gli anni - Mi piace d'esser triste - Io t'ho scritto tante volte</subfield>
    <subfield code="9">3334</subfield>
  </datafield>
  <datafield tag="700" ind1=" " ind2=" ">
    <subfield code="a">Mascheroni Vittorio</subfield>
    <subfield code="d">Codice autore testo/musica SPICS: 13134</subfield>
    <subfield code="e">Autore testo/musica</subfield>
    <subfield code="p">La storia di tutti - Passano gli anni - Addormentarmi cos&#xEC; - Mi piace d'esser triste - Autunno</subfield>
    <subfield code="9">3335</subfield>
  </datafield>
  <datafield tag="700" ind1=" " ind2=" ">
    <subfield code="a">Biri (Ferrari Ornella)</subfield>
    <subfield code="d">Codice autore musica SPICS: 13608</subfield>
    <subfield code="e">Autore musica</subfield>
    <subfield code="p">Addormentarmi cos&#xEC;</subfield>
    <subfield code="9">3336</subfield>
  </datafield>
  <datafield tag="700" ind1=" " ind2=" ">
    <subfield code="a">Ceragioli Enzo</subfield>
    <subfield code="d">Codice autore testo/musica SPICS: 13191</subfield>
    <subfield code="e">Autore testo/musica</subfield>
    <subfield code="p">Io t'ho scritto tante volte</subfield>
    <subfield code="9">3337</subfield>
  </datafield>
  <datafield tag="700" ind1=" " ind2=" ">
    <subfield code="a">Redi Gino</subfield>
    <subfield code="d">Codice autore testo/musica SPICS: 13451</subfield>
    <subfield code="e">Autore testo/musica</subfield>
    <subfield code="p">Bocca nel buio</subfield>
    <subfield code="9">3338</subfield>
  </datafield>
  <datafield tag="700" ind1=" " ind2=" ">
    <subfield code="a">Giannantonio </subfield>
    <subfield code="d">Codice autore musica SPICS: 14007</subfield>
    <subfield code="e">Autore musica</subfield>
    <subfield code="p">Autunno</subfield>
    <subfield code="9">3339</subfield>
  </datafield>
  <datafield tag="942" ind1=" " ind2=" ">
    <subfield code="c">MD</subfield>
    <subfield code="2">ddc</subfield>
  </datafield>
  <datafield tag="952" ind1=" " ind2=" ">
    <subfield code="0">0</subfield>
    <subfield code="1">0</subfield>
    <subfield code="4">0</subfield>
    <subfield code="6">20780_000000000000000</subfield>
    <subfield code="7">1</subfield>
    <subfield code="a">SPICS</subfield>
    <subfield code="b">SPICS</subfield>
    <subfield code="d">2013-10-25</subfield>
    <subfield code="l">0</subfield>
    <subfield code="o">20780</subfield>
    <subfield code="r">2013-10-25 00:00:00</subfield>
    <subfield code="w">2013-10-25</subfield>
    <subfield code="y">MD</subfield>
    <subfield code="z">Progr. Ins.: 4083 / N.Vol.: 1 / Copie: 1 - Copia rara: n.d. / date import: 01.01.2014 - By Epidotti, Trombetti, Vaglietti</subfield>
  </datafield>
</record>
